000 00388nam a2200157Ia 4500
008 160316s1979 xxu||||| |||| 00| 0 eng d
082 _a305.000000
_bSIN
100 _aSingh Dr. Hira
245 _aTraining Programmes
250 _a
260 _aNew Delhi
_bNational Law School of Defence
_c1979
300 _a39
_b
_c
365 _b
650 _a1. Training Programmes
700 _a
_a
999 _c34387
_d34387